Análisis de la planta de tratamiento de las aguas residuales de la ciudad de Heredia
Uloženo v:
| Hlavní autor: | |
|---|---|
| Médium: | Kniha |
| Vydáno: |
[San José , Costa Rica]
1985
|
| Témata: | |
| Tagy: |
Přidat tag
Žádné tagy, Buďte první, kdo vytvoří štítek k tomuto záznamu!
|
MARC
| LEADER | 00000nam a2200000Ia 4500 | ||
|---|---|---|---|
| 003 | 002909 | ||
| 005 | 20221231144400.0 | ||
| 008 | 140114s1985 cr a m 000 ||s d | ||
| 040 | |c cru CEDI | ||
| 090 | |a TFG 1708 | ||
| 100 | |a Padilla Sibaja, Fernando |9 14451 | ||
| 245 | |a Análisis de la planta de tratamiento de las aguas residuales de la ciudad de Heredia | ||
| 260 | |c 1985 |a [San José , Costa Rica] | ||
| 300 | |a vi, 90 hojas : ilustraciones (1 plegables | ||
| 500 | |a Proyecto de graduación (ingeniero civil)--Universidad de Costa Rica. Escuela de Ingeniería Civil | ||
| 650 | |x AGUAS RESIDUALES |9 14452 | ||
| 942 | |c TFG | ||
| 999 | |c 21057 |d 21057 | ||
